000 00501nam a2200205Ia 4500
008 210210b2004 xxu||||| |||| 00| 0 eng d
041 _aeng
082 _a620.8 DSOB
100 _aDSOUZA (John I)
245 _aBiotechnology and fermentation process
260 _aPune
_bNirali prakashan.
_c2004
300 _a368
650 _aprocess
650 _afermentation
650 _aBiotechnology
650 _aand
690 _aBiotechnology
700 _aKILLEDAR (Suresh G)
906 _a063482
999 _c136338
_d136338